MARC details
| 000 -LEADER |
| fixed length control field |
02174nas a2200385 a 4500 |
| 001 - CONTROL NUMBER |
| control field |
001086326 |
| 003 - CONTROL NUMBER IDENTIFIER |
| control field |
AM-YeHGA |
| 005 - DATE AND TIME OF LATEST TRANSACTION |
| control field |
20260129145049.0 |
| 008 - FIXED-LENGTH DATA ELEMENTS--GENERAL INFORMATION |
| fixed length control field |
150612d19451950sy |||pd|| || ||arm|d |
| 040 ## - CATALOGING SOURCE |
| Original cataloging agency |
AM-YeHGA |
| 041 0# - LANGUAGE CODE |
| Language code of text/sound track or separate title |
arm |
| 245 00 - TITLE STATEMENT |
| Title |
Դէպի երկիր : |
| Remainder of title |
Պարբերագիրք գրականութեան եւ արուեստի / |
| Statement of responsibility, etc. |
Խմբ.՝ Ա. Նաճարեան, Մ. Գուշագճեան ; Հրատ.՝ Սովետական Հայաստանի հետ մշակութային կապի Հալէպահայ ընկերակցութեան. |
| 246 3# - VARYING FORM OF TITLE |
| Title proper/short title |
Դեպի երկիր : |
| 246 13 - VARYING FORM OF TITLE |
| Title proper/short title |
Tebi yerguir |
| 260 ## - PUBLICATION, DISTRIBUTION, ETC. |
| Place of publication, distribution, etc. |
Հալէպ : |
| Name of publisher, distributor, etc. |
տպ. Սեւան, |
| Date of publication, distribution, etc. |
1945-1949. |
| 300 ## - PHYSICAL DESCRIPTION |
| Extent |
52-136 էջ ։ |
| Dimensions |
30 x 22, 23,5 x 16 սմ. |
| 310 ## - CURRENT PUBLICATION FREQUENCY |
| Current publication frequency |
Ամենամսյա |
| 362 0# - DATES OF PUBLICATION AND/OR SEQUENTIAL DESIGNATION |
| Dates of publication and/or sequential designation |
1945-1950 |
| 500 ## - GENERAL NOTE |
| General note |
Ենթավերնագրեր՝ Պարբերագիրք գրականության և արվեստի ; Պաշտոնաթերթ Հայրենաբաղձ հայերու ընդհանուր միության ; Պարբերագիրք գրականության և արվեստի |
| 500 ## - GENERAL NOTE |
| General note |
Խմբագիրներ՝ Ա. Նաճարյան, Մարտիրոս Գուշագճյան, Թորոս Թորանյան, Պետրոս Պարգև (Պետրոս Փայասլյան), Հակոբ Ալեքսանյան |
| 500 ## - GENERAL NOTE |
| General note |
Տպարաններ՝ Տեր Սահակյան, Անի |
| 546 ## - LANGUAGE NOTE |
| Language note |
Բնագիրը՝ հայերեն |
| 650 04 - SUBJECT ADDED ENTRY--TOPICAL TERM |
| Topical term or geographic name entry element |
Ամսագիր |
| 650 14 - SUBJECT ADDED ENTRY--TOPICAL TERM |
| Topical term or geographic name entry element |
Հայկական սփյուռք |
| Form subdivision |
Պարբերականներ |
| Chronological subdivision |
XXդ. |
| 650 14 - SUBJECT ADDED ENTRY--TOPICAL TERM |
| Topical term or geographic name entry element |
Գրական մամուլ |
| Form subdivision |
Պարբերականներ |
| Chronological subdivision |
XXդ. |
| 650 14 - SUBJECT ADDED ENTRY--TOPICAL TERM |
| Topical term or geographic name entry element |
Արվեստ |
| Form subdivision |
Պարբերականներ |
| Chronological subdivision |
XXդ. |
| 650 14 - SUBJECT ADDED ENTRY--TOPICAL TERM |
| Topical term or geographic name entry element |
Արևմտահայերեն |
| Form subdivision |
Պարբերականներ |
| Chronological subdivision |
XXդ. |
| 651 #4 - SUBJECT ADDED ENTRY--GEOGRAPHIC NAME |
| Geographic name |
Հալեպ |
| 651 #4 - SUBJECT ADDED ENTRY--GEOGRAPHIC NAME |
| Geographic name |
Սիրիա |
| 700 1# - ADDED ENTRY--PERSONAL NAME |
| Personal name |
Նաճարեան, Անդրանիկ Տիգրանի, |
| Dates associated with a name |
1922- |
| Relator term |
խմբ. |
| 700 1# - ADDED ENTRY--PERSONAL NAME |
| Personal name |
Գուշագճեան, Մ., |
| Relator term |
խմբ. |
| 710 2# - ADDED ENTRY--CORPORATE NAME |
| Corporate name or jurisdiction name as entry element |
Սովետական Հայաստանի հետ մշակութային կապի Հալէպահայ ընկերակցութիւն |
| 856 41 - ELECTRONIC LOCATION AND ACCESS |
| Uniform Resource Identifier |
<a href="https://tert.nla.am/mamul/Depi-erkir/Table.html">https://tert.nla.am/mamul/Depi-erkir/Table.html</a> |
| Link text |
Կարդալ առցանց |
| 942 ## - ADDED ENTRY ELEMENTS (KOHA) |
| Source of classification or shelving scheme |
Universal Decimal Classification |
| Koha item type |
Շարունակական պաշար / Continuing Resource |